Cómo acabar de una vez por todas con la cultura / (Record no. 23433)

MARC details
000 -LEADER
campo de control de longitud fija 00627nam a2200193 i 4500
001 - NÚMERO DE CONTROL
campo de control 23433
003 - IDENTIFICADOR DE NÚMERO DE CONTROL
campo de control ES-MaACL
007 - CAMPO FIJO DE DESCRIPCIÓN FÍSICA--INFORMACIÓN GENERAL
campo de control de longitud fija t|
008 - DATOS DE LONGITUD FIJA--INFORMACIÓN GENERAL
campo de control de longitud fija 021210s1974 sp ||||1| spa d
100 0# - ENTRADA PRINCIPAL--NOMBRE DE PERSONA
Nombre de persona Allen, Woody,
Fechas asociadas al nombre 1935-
9 (RLIN) 20005
245 10 - MENCIÓN DEL TÍTULO
Título Cómo acabar de una vez por todas con la cultura /
Mención de responsabilidad, etc. Woody Allen ; [traducción; Marcelo Covian].
260 ## - PUBLICACIÓN, DISTRIBUCIÓN, ETC.
Lugar de publicación, distribución, etc. [Barcelona] :
Nombre del editor, distribuidor, etc. Tusquets,
Fecha de publicación, distribución, etc. [1974]
300 ## - DESCRIPCIÓN FÍSICA
Extensión 128 p. ;
Dimensiones 18 cm.
490 1# - MENCIÓN DE SERIE
Mención de serie Cuadernos ínfimos ;
Designación de volumen o secuencia 56
700 1# - ENTRADA AGREGADA--NOMBRE PERSONAL
Nombre de persona Covian, Marcelo.
9 (RLIN) 180854
830 0# - PUNTO DE ACCESO ADICIONAL DE SERIE-TÍTULO UNIFORME
Título uniforme Cuadernos ínfimos ;
Designación de volumen o secuencia 56
9 (RLIN) 180855
852 ## - LOCALIZACIÓN
Ubicación ES-MaACL
Número de control de estantería E-7169
Sublocalización o colección R.91263
Holdings
Estatus retirado Estado de pérdida Estado de daño No para préstamo Biblioteca de origen Biblioteca actual Ubicación en estantería Fecha de adquisición Fuente de adquisición Total de préstamos Signatura topográfica completa Código de barras Visto por última vez Precio de reemplazo Tipo de ítem Koha
        Biblioteca del Ateneo de Madrid Biblioteca del Ateneo de Madrid Depósito 2 17/01/2008     E-7169 1024144 23/02/2023 23/02/2023 Libro impreso